00576aam a2200205 450000500170000000800410001702000150005804100080007308200160008110000320009724500940012926000340022330000190025765000150027665000130029165000110030465000190031565000150033465000210034920161018144943.0150323b xxu||||| |||| 00| 0 spa d a996899880X aspa a398.9 A663m aArauz Ramos, Carlos Enrique aMi Guanacaste lindo: diccionario de citas, términos y expresiones de mi tierra sabanera aCosta RicabC. Arauz R.c2004 a167 páginas  aCOSTA RICA aPALABRAS aFRASES aLEXICOLOGÍA  aGUANACASTE aLENGUAJE NATIVO